MARC

Tag First Indicator Second Indicator Subfields
LEADER 00000cam a2200000 4500
001 in00000093107
005 20150925085217.0
008 710715s1971 nyua b 10100 eng
010 |a  72153412  
035 |a (OCoLC)00149859 
035 |9 AAL1684AM 
040 |a DLC  |c DLC  |d TXA  |d UtOrBLW 
049 |a TXAM  |c [1021652] 
050 0 0 |a TK7877  |b .S9 1970 
082 0 |a 621.381/31 
111 2 |a Symposium on Submillimeter Waves  |d (1970 :  |c New York) 
245 1 0 |a Proceedings /  |c [Edited by Jerome Fox. Assistant editor: Mark Howard Schlam]. 
264 2 |a Brooklyn, N.Y. :  |b Polytechnic Press; [distributors: Wiley Interscience],  |c [1971] 
300 |a xlvii, 726 pages :  |b illustrations ;  |c 23 cm. 
336 |a text  |b txt  |2 rdacontent 
337 |a unmediated  |b n  |2 rdamedia 
338 |a volume  |b nc  |2 rdacarrier 
490 1 |a Microwave Research Institute symposia series, v. 20 
500 |a "Sponsored by the Polytechnic Institute of Brooklyn, Microwave Research Institute." 
500 |a "Cumulative index to contributors to the Proceedings, volumes I-XX (1952-1970)": pages 717-726. 
504 |a Includes bibliographical references. 
650 0 |a Submillimeter waves  |v Congresses. 
650 0 |a Lasers  |v Congresses. 
650 0 |a Infrared technology  |v Congresses. 
700 1 |a Fox, Jerome. 
700 1 |a Schlam, Mark Howard. 
710 2 |a Polytechnic Institute of Brooklyn.  |b Microwave Research Institute. 
830 0 |a Microwave Research Institute symposia series ;  |v v. 20. 
999 |a MARS 
999 f f |s a80c5210-986c-38f1-af42-a735c3c2a3a3  |i aaa47803-88d3-3edf-8600-83f1bc6ddabb  |t 0 
952 f f |p ric  |a Texas A&M University  |b Rellis Campus  |c Joint Library Facility  |d Remote Storage  |t 0  |e TK7877 .S9 1970  |h Library of Congress classification  |i unmediated -- volume  |m A14805508759 
998 f f |a TK7877 .S9 1970  |t 0  |l Remote Storage